000 00341nam a2200133Ia 4500
008 190216s9999||||xx |||||||||||||| ||und||
100 _aAlbert Cotton F
245 0 _aChemical Applications Of Group Theory
250 _a2nd Ed.
260 _bHimalaya Publishing House
_c1971
300 _a396 p
650 _aChemistry-Chemistry
942 _cBK
999 _c2611
_d2611